Statistiques concernant Pokémon: les attaques signatures

Cliquez ici pour prendre le quiz!

Statistiques générales

  • Ce quiz a été pris 442 fois
    (59 depuis la dernière actualisation)
  • Le résultat moyen est 72 sur 166

Statistiques - réponses

GenerationType de quizRéponse% Correct
1(4)DragonHurle-Temps
92%
1(4)DragonSpatio-Rift
88%
1(5)GlaceÉclair Gelé
84%
1(4)Normal*Jugement
84%
1(4)SpectreRevenant
84%
1(2)VolAéroblast
80%
1(5)1PsyFrappe Psy
80%
63VolDraco Ascension
76%
1(5)GlaceFeu Glacé
76%
63SolLame Pangéenne
76%
63EauOnde Originelle
76%
1(5)GlaceÈre Glaciaire
72%
1(3)PsyPsycho-Boost
72%
1(4)TénèbresTrou Noir
72%
1(4)FeuVortex Magma
72%
1(3)AcierCarnareket
68%
1(5)FeuFlamme Bleue
68%
6FéeGéo-Contrôle
68%
6VolMort-Ailes
68%
1(4)InsecteAppel Défense
64%
1(5)CombatLame Ointe
64%
6RocheOrage Adamantin
64%
1(4)InsecteAppel Attak
60%
1(3)1ÉlectrikÉlectacle
60%
1(4)PlanteFulmigraine
60%
6(7)6SolMyria-Flèches
60%
6(7)6SolMyria-Vagues
60%
1(4)NormalPresse
60%
1PsyTélékinésie
60%
1(4)InsecteAppel Soins
56%
1(4)VolBabil
56%
6AcierBouclier Royal
56%
1(5)ÉlectrikCharge Foudre
56%
1(4)PsyDanse-Lune
56%
1(5)FeuIncendie
56%
6EauJet de Vapeur
56%
6PsyTrouDimensionnel
56%
1(3)PsyBall'Brume
52%
8FeuBallon Brûlant
52%
6(7)FéeCanon Floral
52%
6(7)FeuCarapiège
52%
6(7)SpectreClepto-Mânes
52%
6TénèbresFurie Dimension
52%
1(2)NormalGribouille
52%
1(3)PsyLumi-Éclat
52%
1(5)Normal*Techno Buster
52%
6(7)SpectreTisse Ombre
52%
8AcierAegis Maxima
48%
6(7)FeuCaboche-Kaboum
48%
1NormalConversion
48%
8DragonDraco-Flèches
48%
6SolForce Chtonienne
48%
8AcierGladius Maximus
48%
6PlanteMaléfice Sylvain
48%
1SolOsmerang
48%
6(7)PsyPhoto-Geyser
48%
6(7)6DragonSanction Suprême
48%
8PlanteTambour Battant
48%
8EauTir de Précision
48%
8EauTorrent de Coups
48%
6(7)DragonVibrécaille
48%
6(7)VolBec-Canon
44%
8DragonCanon Dynamax
44%
1(5)NormalChant Antique
44%
1(2)NormalConversion2
44%
6(7)AcierÉcrous d'Poing
44%
6SpectreHalloween
44%
1(5)AcierLancécrou
44%
6(7)PsyLaser Prisme
44%
1SolMassd'Os
44%
6(7)ÉlectrikPlasma Punch
44%
8TénèbresPoing Obscur
44%
8PlanteAcide Malique
40%
8TénèbresBlocage
40%
87DragonDracacophonie
40%
8SpectreÉclat Spectral
40%
8DragonLaser Infinimax
40%
1(5)NormalPeignée
40%
8ÉlectrikRoue Libre
40%
85ÉlectrikTyphon Fulgurant
40%
85VolTyphon Hivernal
40%
8FéeTyphon Passionné
40%
6FéeVerrou Enchanté
40%
6(7)RocheVif Roc
40%
8ÉlectrikVoltageôle
40%
6(7)SolAmass'Sable
36%
6(7)PlanteBotte Sucrette
36%
8NormalChange-Côté
36%
9DragonCharge Glaive
36%
6(7)Normal*Coup Varia-Type
36%
9EauDanse Aquatique
36%
8DragonDraco-Énergie
36%
6(7)2PoisonFil Toxique
36%
8PlanteForce G
36%
8PoisonGriffes Funestes
36%
1NormalGrobisou
36%
8GlaceLance de Glace
36%
9PlanteMagie Florale
36%
8(2)/8PoisonMultitoxik
36%
8FéeNappage
36%
9CombatNitrocrash
36%
8CombatOctoprise
36%
6(7)(1)SpectreOs'Ombre
36%
9DragonPlat du Jour
36%
9AcierRuée d'Or
36%
9RocheSalaison
36%
85SolTyphon Pyrosable
36%
6(7)AcierAncrage
32%
9FeuChant Flamboyant
32%
8(2)SpectreCortège Funèbre
32%
8(1)CombatCoup Fulgurant
32%
8(1)TénèbresFureur Ardente
32%
8RocheGoudronnage
32%
8RocheHache de Pierre
32%
8CombatJoute Astrale
32%
8(1)PoisonKokiyarme
32%
9PsyLame Psychique
32%
8ÉlectrikOverdrive
32%
1NormalPilonnage
32%
91/9SpectrePoing de Colère
32%
8PsyPoudre Magique
32%
6(7)PoisonPurification
32%
8(1)PsyRegard Glaçant
32%
8PlanteSelve Salvatrice
32%
6(7)PsySommation
32%
82/8PsySprint Bouclier
32%
8NormalThérémonie
32%
8(7)CombatTriple Flèche
32%
8CombatUltime Bastion
32%
8(5)TénèbresVagues à Lames
32%
8(5)PsyAiles Psycho
28%
8(6)GlaceBise Glaciaire
28%
6(7)PoisonBlockhaus
28%
6(7)NormalDanse Éveil
28%
8(5)CombatDanse Victoire
28%
8TénèbresFourbette
28%
9TénèbresGénusection
28%
9PlanteHabanerage
28%
8(1)PlanteHerblast
28%
9EauHydrovapeur
28%
9FeuLame en Peine
28%
8(6)AcierMur Fumigène
28%
9InsectePiège de Fil
28%
9EauPoing Sonique
28%
84PsyPrière Lunaire
28%
6(7)FéeSoin Floral
28%
8(2)PsySort Sinistre
28%
9PoisonToupie Eclat
28%
8(5)PlanteTroquenard
28%
9ElectrikTurbo Volt
28%
9FeuCanon Blindé
24%
8(5)SpectreCoeur de Rancoeur
24%
9ElectrikDouble Décharge
24%
92/9PsyDouble Laser
24%
8(4)PsyExtravaillance
24%
92/(8)GlaceNeigeux de Mots
24%
9NormalProlifération
24%
9EauTriple Plongeon
24%
8(1)FéeVapeur Féérique
24%
9NormalDécalquage
20%
9NormalDécharnement
20%
9AcierDérapage
20%
9NormalGrand Nettoyage
20%
9PsyLumino-Impact
20%
9AcierMarteau Mastoc
20%
91/(9)NormalTaurogne
20%

Distribution des résultats

Percentile par nombre de réponses

% des personnes avec chaque résultat

Votre développement - résultats

Vous n’avez pas pris ce quiz depuis la dernière actualisation